Ylitornion kylät - Statistics

Yleistilastot
  • Tätä visaa on pelattu 21 kertaa
  • Keskiarvotulos 8 / 41
Vastaustilastot
Vastaus % Oikein
Aavasaksa
75%
Mellakoski
58%
Alkkula / Kirkonkylä
50%
Pekanpää
50%
Tengeliö
50%
Kainuunkylä / Helsinginkylä
42%
Raanujärvi
42%
Kantomaanpää
33%
Ainiovaara
25%
Kaulinranta
25%
Meltosjärvi
25%
Nuotioranta
25%
Portimojärvi
25%
Väystäjä
25%
Armassaari / Paloistenkylä
17%
Kapusta
17%
Koivistonpää
17%
Lohijärvi
17%
Pessalompolo
17%
Ratasvuoma
17%
Törmäsjärvi
17%
Etelä-Portimojärvi
8%
Jolanki
8%
Kivijärvi
8%
Kopanmäki
8%
Kuivakangas
8%
Kuuroskoski
8%
Närkki
8%
Sompanen
8%
Suutarinmäki
8%
Tolppi
8%
Välikylä
8%
Aittamaa
0%
Alposjärvi
0%
Haarasaajo
0%
Hyllykylä
0%
Kaitajärvi
0%
Kivilompolo
0%
Taloniemi
0%
Taroniemi
0%
Vietonen
0%
Ehtoja vastaavia visoja ei löytynyt
Tulosjakauma
Jokaisen tuloksen saaneiden osuus
Persentiili vastausten määrän mukaan
Tuloshistoriasi
Et ole pelannut tätä visaa